[Event "GER M07-C email"]
[Site "GER email"]
[Date "2018.06.19"]
[Round "?"]
[White "Bochev, Krasimir"]
[Black "Zeihser, Michael"]
[Result "1/2-1/2"]
[WhiteElo "2443"]
[BlackElo "2403"]
[PlyCount "60"]
[EventDate "2018.??.??"]
[EventType "tourn (corr)"]
[EventRounds "10"]
[EventCountry "GER"]
[SourceTitle "Corr 2020"]
[Source "ChessBase"]
[SourceDate "2019.09.30"]
[SourceVersion "1"]
[SourceVersionDate "2019.09.30"]
[SourceQuality "1"]

1. d4 Nf6 2. c4 e6 3. g3 d5 4. Bg2 Be7 5. Nf3 0-0 6. 0-0 dxc4 7. Qc2 a6 8. a4 Bd7 9. Qxc4 Bc6 10. Bf4 Bd6 11. Qc1 a5 12. Nc3 Na6 13. Bd2 Nb4 14. Qb1 Nbd5 15. Rd1 h6 16. Ne1 Nxc3 17. Bxc3 Bxg2 18. Nxg2 Qe7 19. Qc2 e5 20. Ne3 exd4 21. Bxd4 Rfe8 22. Rac1 Be5 23. Qc5 Rad8 24. Qxe5 Qxe5 25. Bxe5 Rxd1+ 26. Nxd1 Rxe5 27. Rxc7 Rxe2 28. Kf1 Rd2 29. Ke1 Rd4 30. Rxb7 Rxa4 1/2-1/2

[Event "GER M07-C email"]
[Site "GER email"]
[Date "2018.06.19"]
[Round "?"]
[White "Doric, Nenad"]
[Black "Zeihser, Michael"]
[Result "1/2-1/2"]
[WhiteElo "2408"]
[BlackElo "2403"]
[PlyCount "61"]
[EventDate "2018.??.??"]
[EventType "tourn (corr)"]
[EventRounds "10"]
[EventCountry "GER"]
[SourceTitle "Corr 2020"]
[Source "ChessBase"]
[SourceDate "2019.09.30"]
[SourceVersion "1"]
[SourceVersionDate "2019.09.30"]
[SourceQuality "1"]

1. e4 c5 2. Nf3 d6 3. d4 cxd4 4. Nxd4 Nf6 5. Nc3 a6 6. Bg5 e6 7. f4 Qb6 8. Qd3 Qxb2 9. Rb1 Qa3 10. f5 Be7 11. Be2 Qa5 12. Bd2 Qc7 13. fxe6 fxe6 14. g4 h6 15. Qh3 e5 16. Nf5 Bxf5 17. gxf5 Nbd7 18. Qg2 0-0 19. 0-0 Rf7 20. Rf3 Kh8 21. Kh1 d5 22. exd5 Rc8 23. Rh3 Nf8 24. Bd3 N8h7 25. Ne4 b5 26. Rg1 Nxe4 27. Qxe4 Nf6 28. Bxh6 gxh6 29. Rxh6+ Rh7 30. Rxh7+ Nxh7 31. f6 1/2-1/2

[Event "GER M07-C email"]
[Site "GER email"]
[Date "2018.06.19"]
[Round "?"]
[White "Felkel, Siegfried"]
[Black "Zeihser, Michael"]
[Result "1/2-1/2"]
[WhiteElo "2404"]
[BlackElo "2403"]
[PlyCount "75"]
[EventDate "2018.??.??"]
[EventType "tourn (corr)"]
[EventRounds "10"]
[EventCountry "GER"]
[SourceTitle "Corr 2022"]
[Source "ChessBase"]
[SourceDate "2021.10.24"]
[SourceVersion "1"]
[SourceVersionDate "2021.10.24"]
[SourceQuality "1"]

1. c4 Nf6 2. Nc3 e5 3. Nf3 Nc6 4. g3 d5 5. cxd5 Nxd5 6. Bg2 Nb6 7. 0-0 Be7 8. d3 0-0 9. Be3 Re8 10. Rc1 Bf8 11. Ne4 Nd4 12. Bg5 f6 13. Bd2 Be6 14. Nxd4 exd4 15. Qc2 c6 16. b4 Bd5 17. Rfe1 f5 18. Nc5 Bxg2 19. Kxg2 Qd5+ 20. Kg1 Bxc5 21. bxc5 Nd7 22. Qc4 Re5 23. e3 dxe3 24. Bxe3 Qxc4 25. Rxc4 Re7 26. Rb1 Ne5 27. Rc3 Rd8 28. d4 Nf7 29. a4 Rdd7 30. a5 a6 31. h4 h6 32. Kg2 Nd8 33. h5 Kf7 34. Rcb3 Ne6 35. Rb4 Kf6 36. R1b2 Rc7 37. Rb6 Kf7 38. Rb1 1/2-1/2

[Event "GER M07-C email"]
[Site "GER email"]
[Date "2018.06.19"]
[Round "?"]
[White "Zeihser, Michael"]
[Black "Scheiba, Manfred"]
[Result "0-1"]
[WhiteElo "2403"]
[BlackElo "2414"]
[PlyCount "104"]
[EventDate "2018.??.??"]
[EventType "tourn (corr)"]
[EventRounds "10"]
[EventCountry "GER"]
[SourceTitle "Corr 2022"]
[Source "ChessBase"]
[SourceDate "2021.10.24"]
[SourceVersion "1"]
[SourceVersionDate "2021.10.24"]
[SourceQuality "1"]

1. d4 f5 2. Bg5 h6 3. Bh4 g5 4. Bg3 Bg7 5. e3 c5 6. Nf3 Qb6 7. c3 Nf6 8. Na3 d6 9. Nc4 Qc7 10. Qb3 Ne4 11. 0-0-0 Bd7 12. dxc5 Nxc5 13. Qc2 Ne4 14. Nd4 0-0 15. Nd2 Nxd2 16. Rxd2 Na6 17. Bd3 Qc8 18. h4 g4 19. f3 Nc5 20. Re1 Nxd3+ 21. Qxd3 h5 22. e4 f4 23. Bf2 g3 24. Bg1 Rf7 25. Kb1 b6 26. Nb5 a6 27. Na3 Rb8 28. Rc1 Bf8 29. Nc2 b5 30. Ba7 Rb7 31. Bg1 Be8 32. Rdd1 a5 33. Qd5 e5 34. Na3 Kg7 35. c4 b4 36. Nb5 Rfd7 37. b3 Bf7 38. Qd3 Qd8 39. Qd2 Kg8 40. Qe1 a4 41. Qe2 Qxh4 42. bxa4 Qd8 43. Rd2 Qa5 44. Qd1 Be6 45. Qc2 Rd8 46. Qd1 h4 47. Qb3 Ra8 48. Kc2 Qxa4 49. Qxa4 Rxa4 50. Kd3 Kf7 51. Rb2 Kf6 52. Rcb1 d5 0-1

[Event "GER M07-C email"]
[Site "GER email"]
[Date "2018.06.19"]
[Round "?"]
[White "Zeihser, Michael"]
[Black "Schulz, Guenter"]
[Result "1/2-1/2"]
[WhiteElo "2403"]
[BlackElo "2411"]
[PlyCount "63"]
[EventDate "2018.??.??"]
[EventType "tourn (corr)"]
[EventRounds "10"]
[EventCountry "GER"]
[SourceTitle "Corr 2020"]
[Source "ChessBase"]
[SourceDate "2019.09.30"]
[SourceVersion "1"]
[SourceVersionDate "2019.09.30"]
[SourceQuality "1"]

1. d4 Nf6 2. c4 g6 3. f3 d5 4. cxd5 Nxd5 5. e4 Nb6 6. Nc3 Bg7 7. Be3 0-0 8. Qd2 Nc6 9. 0-0-0 Qd6 10. Kb1 Rd8 11. Nb5 Qd7 12. d5 a6 13. Nc3 Qe8 14. Qc1 Na5 15. h4 e6 16. Bf4 Rd7 17. Bh6 Bxh6 18. Qxh6 Qf8 19. Qxf8+ Kxf8 20. h5 exd5 21. exd5 c6 22. hxg6 hxg6 23. d6 Nd5 24. Nxd5 cxd5 25. Rxd5 b5 26. Rh4 Bb7 27. Rd1 Kg7 28. a4 Bc6 29. axb5 axb5 30. Nh3 Nb7 31. Rhd4 Rad8 32. Nf2 1/2-1/2

[Event "GER CM04-A email"]
[Site "GER email"]
[Date "2017.06.26"]
[Round "?"]
[White "Bissmann, Stefan"]
[Black "Zeihser, Michael"]
[Result "1/2-1/2"]
[WhiteElo "2394"]
[BlackElo "2392"]
[PlyCount "45"]
[EventDate "2017.??.??"]
[EventType "tourn (corr)"]
[EventRounds "10"]
[EventCountry "GER"]
[SourceTitle "Corr 2020"]
[Source "ChessBase"]
[SourceDate "2019.09.30"]
[SourceVersion "1"]
[SourceVersionDate "2019.09.30"]
[SourceQuality "1"]

1. c4 Nf6 2. Nf3 e6 3. Nc3 d5 4. d4 c6 5. Bg5 h6 6. Bxf6 Qxf6 7. e3 Nd7 8. Bd3 dxc4 9. Bxc4 g6 10. 0-0 Bg7 11. e4 e5 12. d5 Nb6 13. Bb3 Bg4 14. Rc1 0-0 15. h3 Bxf3 16. Qxf3 Qxf3 17. gxf3 Rfc8 18. dxc6 bxc6 19. Rfd1 Bf8 20. Na4 Rc7 21. Rd3 Nxa4 22. Bxa4 Rb8 23. Rc2 1/2-1/2

[Event "GER CM04-A email"]
[Site "GER email"]
[Date "2017.06.26"]
[Round "?"]
[White "Malchev, Emil"]
[Black "Zeihser, Michael"]
[Result "1/2-1/2"]
[WhiteElo "2417"]
[BlackElo "2392"]
[PlyCount "109"]
[EventDate "2017.??.??"]
[EventType "tourn (corr)"]
[EventRounds "10"]
[EventCountry "GER"]
[SourceTitle "Corr 2020"]
[Source "ChessBase"]
[SourceDate "2019.09.30"]
[SourceVersion "1"]
[SourceVersionDate "2019.09.30"]
[SourceQuality "1"]

1. e4 c5 2. Nf3 d6 3. d4 cxd4 4. Nxd4 Nf6 5. Nc3 a6 6. Be2 e5 7. Nb3 Be7 8. Be3 Be6 9. Qd3 Nc6 10. a3 Rc8 11. Nd5 Bxd5 12. exd5 e4 13. Qd2 Ne5 14. c3 0-0 15. 0-0-0 b5 16. Kb1 Nc4 17. Qc2 Nxe3 18. fxe3 Qd7 19. Rhg1 Bd8 20. g4 Qb7 21. Qd2 Bb6 22. g5 Nd7 23. Nd4 Bxd4 24. Qxd4 Rce8 25. Rd2 Nc5 26. Ka2 Re5 27. h4 a5 28. h5 g6 29. Rf1 b4 30. cxb4 axb4 31. Qxb4 Qxb4 32. axb4 Ra8+ 33. Kb1 Nb3 34. Rdd1 Rb8 35. b5 Rxg5 36. hxg6 fxg6 37. Bc4 Nc5 38. Rf6 Rd8 39. Kc2 Kg7 40. Rdf1 Rd7 41. b3 Rg1 42. Kc3 Rxf1 43. Rxf1 h5 44. Kb4 Rb7 45. Ka5 Nd7 46. Rf4 g5 47. Rxe4 Nc5 48. Rd4 Nd7 49. Be2 g4 50. Re4 g3 51. Bf3 Ra7+ 52. Kb4 Nc5 53. Rh4 Nd3+ 54. Kc3 Ne1 55. Rh3 1/2-1/2

[Event "GER CM04-A email"]
[Site "GER email"]
[Date "2017.06.26"]
[Round "?"]
[White "Schulz, Guenter"]
[Black "Zeihser, Michael"]
[Result "1-0"]
[WhiteElo "2403"]
[BlackElo "2392"]
[PlyCount "69"]
[EventDate "2017.??.??"]
[EventType "tourn (corr)"]
[EventRounds "10"]
[EventCountry "GER"]
[SourceTitle "Corr 2020"]
[Source "ChessBase"]
[SourceDate "2019.09.30"]
[SourceVersion "1"]
[SourceVersionDate "2019.09.30"]
[SourceQuality "1"]

1. e4 c5 2. Nf3 d6 3. d4 cxd4 4. Nxd4 Nf6 5. Nc3 a6 6. Bg5 e6 7. f4 Qb6 8. Qd2 Qxb2 9. Rb1 Qa3 10. f5 Nc6 11. fxe6 fxe6 12. Nxc6 bxc6 13. Be2 Be7 14. 0-0 Qa5 15. Bf3 Bd7 16. Rb7 h6 17. Be3 Rf8 18. Rfb1 Qe5 19. Na4 Bc8 20. R7b3 Nd7 21. Nb2 Rxf3 22. gxf3 Qf6 23. Qg2 a5 24. Na4 e5 25. Nb6 Nxb6 26. Rxb6 Bd7 27. h4 a4 28. h5 a3 29. Rb8+ Rxb8 30. Rxb8+ Kf7 31. Qg6+ Qxg6+ 32. hxg6+ Kf6 33. Bf2 Ke6 34. c4 h5 35. Ra8 1-0

[Event "GER CM04-A email"]
[Site "GER email"]
[Date "2017.06.26"]
[Round "?"]
[White "Woodard, Daniel S"]
[Black "Zeihser, Michael"]
[Result "1-0"]
[WhiteElo "2415"]
[BlackElo "2392"]
[PlyCount "121"]
[EventDate "2017.??.??"]
[EventType "tourn (corr)"]
[EventRounds "10"]
[EventCountry "GER"]
[SourceTitle "Corr 2020"]
[Source "ChessBase"]
[SourceDate "2019.09.30"]
[SourceVersion "1"]
[SourceVersionDate "2019.09.30"]
[SourceQuality "1"]

1. d4 d5 2. c4 c6 3. Nf3 Nf6 4. e3 e6 5. b3 Nbd7 6. Bb2 Bd6 7. Nbd2 0-0 8. Bd3 b6 9. 0-0 Bb7 10. Ne5 c5 11. cxd5 exd5 12. Rc1 Qe7 13. Nxd7 Nxd7 14. dxc5 bxc5 15. Qc2 g6 16. e4 d4 17. f4 f6 18. Rce1 Rac8 19. Bc1 Bc7 20. Nf3 Kg7 21. Qf2 Rce8 22. Qg3 Kh8 23. Qh3 Bc8 24. g4 Ba5 25. Re2 c4 26. bxc4 Bb6 27. Rff2 Nc5 28. Ba3 Qg7 29. Bxc5 Bxc5 30. Kh1 Bb7 31. f5 Kg8 32. Rf1 g5 33. Qg3 Rf7 34. h4 h6 35. hxg5 hxg5 36. Kg2 Rfe7 37. Qe1 Qh8 38. Qa5 Rc8 39. Rb1 Rh7 40. Rxb7 Rxb7 41. Qa6 Rbc7 42. Qe6+ Kf8 43. e5 Re8 44. Qa6 Bb6 45. Qa3+ Bc5 46. Qa6 fxe5 47. Qg6 e4 48. Nxg5 Qh4 49. Bxe4 Qxg4+ 50. Kh1 Qh4+ 51. Rh2 Qe1+ 52. Kg2 Qd2+ 53. Kh3 Qe3+ 54. Bf3 Rg7 55. Qf6+ Kg8 56. Re2 Qxg5 57. Rxe8+ Kh7 58. Qxg5 Rxg5 59. Kh4 Rg8 60. Rxg8 Kxg8 61. Be2 1-0

[Event "GER CM04-A email"]
[Site "GER email"]
[Date "2017.06.26"]
[Round "?"]
[White "Zeihser, Michael"]
[Black "Felkel, Siegfried"]
[Result "1/2-1/2"]
[WhiteElo "2392"]
[BlackElo "2394"]
[PlyCount "73"]
[EventDate "2017.??.??"]
[EventType "tourn (corr)"]
[EventRounds "10"]
[EventCountry "GER"]
[SourceTitle "Corr 2020"]
[Source "ChessBase"]
[SourceDate "2019.09.30"]
[SourceVersion "1"]
[SourceVersionDate "2019.09.30"]
[SourceQuality "1"]

1. e4 c5 2. Nf3 Nc6 3. Bb5 e6 4. Bxc6 bxc6 5. b3 Ne7 6. Bb2 Ng6 7. h4 h5 8. e5 f6 9. d3 fxe5 10. Nxe5 Nxe5 11. Bxe5 d6 12. Bc3 e5 13. Qf3 Qc7 14. Nd2 Be7 15. 0-0 Bg4 16. Qg3 Qd8 17. f3 Bxh4 18. Qh2 Be6 19. Ne4 Be7 20. f4 Kd7 21. fxe5 d5 22. Nd6 Rf8 23. Rxf8 Qxf8 24. Rf1 Qh8 25. Nf5 Bd8 26. Bd2 h4 27. c4 h3 28. Rf3 Qh7 29. Qxh3 Qxh3 30. gxh3 Bc7 31. Nd6 Bxd6 32. exd6 Rh8 33. Kg2 Kxd6 34. Bf4+ Kd7 35. Rg3 Rh7 36. Bb8 a5 37. Ba7 1/2-1/2